Score 0/200 Timer 15:00
4 Plays Today
Rank Name % Correct
1Mary
93.7%
89Ann
90.1%
6Elizabeth
88.5%
198Eliza
87.3%
104Anne
83.7%
3Anna
81.4%
38Catherine
80.4%
4Margaret
78.9%
150Jane
78%
71Katherine
77.5%
156Sara
76.7%
40Sarah
75.4%
20Rose
74.5%
141Maria
73.8%
7Marie
71.1%
44Laura
69.7%
145Susan
69.6%
2Helen
69.4%
17Emma
68%
5Ruth
67.9%
112Betty
67.7%
99Emily
67%
143Victoria
65.6%
12Alice
62.7%
135Rachel
61.8%
125Caroline
61.8%
22Dorothy
61.8%
46Julia
61.6%
15Grace
61.4%
25Frances
61.1%
29Martha
60.8%
16Annie
60.7%
144Rebecca
60.2%
82Ellen
59.8%
105Charlotte
59.5%
164Barbara
59.3%
36Louise
58.5%
102Nancy
58.3%
148Jean
58.2%
170Hannah
57.3%
61Lucy
56.5%
179Amy
54.6%
166Christine
54.4%
84Eleanor
54.2%
42Ella
54.1%
37Eva
53.2%
43Josephine
53.3%
62Evelyn
52.5%
32Edith
52.2%
75Rosa
52.2%
95May
51.9%
195Isabel
51.9%
94Theresa
51.3%
33Esther
51.1%
27Gertrude
51%
81Nora
50.9%
116Katie
50.6%
19Bertha
50.3%
98Olive
49.1%
18Clara
49%
8Florence
48.8%
10Lillian
48.6%
123Harriet
48.2%
91Violet
48%
87Daisy
47.7%
9Ethel
47.7%
196Sally
47.5%
Rank Name % Correct
169Kathleen
47.5%
101Doris
47.4%
90Kathryn
47.4%
53Beatrice
47.2%
96Georgia
47.1%
13Edna
46.9%
49Ruby
46.8%
76Virginia
46.4%
58Cora
46.4%
30Irene
45.9%
80Maggie
45.3%
70Lucille
44.4%
187Sophia
44.3%
79Dora
44.1%
140Amelia
44.1%
14Mildred
43.8%
155Amanda
43.7%
64Pauline
43.3%
153Sophie
41.8%
159Marian
41.7%
34Ida
41.7%
39Agnes
40.9%
48Carrie
40.7%
31Pearl
40.5%
55Jessie
40.3%
54Mae
40.1%
200Nell
39.5%
11Gladys
39.1%
41Nellie
39.1%
65Stella
39.1%
149Rosie
38.9%
24Mabel
38.4%
63Marion
38.2%
73Vera
38.1%
109Lois
37.7%
21Bessie
37.6%
178Wilma
37.2%
132Henrietta
37.1%
146Vivian
36.8%
23Hazel
36.7%
26Minnie
36.5%
66Ada
36.4%
69Jennie
35.9%
88Susie
34.9%
57Thelma
34.7%
147Madeline
34.5%
56Hattie
34.2%
103Lydia
34%
197Belle
33.9%
111Marjorie
33.7%
107Flora
33.7%
126Opal
33.6%
85Sadie
33.3%
186Maud
33.1%
35Elsie
33.1%
47Viola
33%
86Bernice
32.6%
171Norma
32.6%
51Lena
32%
52Alma
31.9%
129Sylvia
30.8%
77Maude
30.6%
160Nina
30.5%
28Myrtle
30.5%
199Josie
30.1%
45Lillie
29.7%
92Hilda
29.2%
Rank Name % Correct
59Blanche
29.1%
172Naomi
29%
167Matilda
28.3%
74Beulah
28.1%
110Sallie
27.7%
72Fannie
27.6%
108Lola
27.4%
130Velma
27.2%
133Estelle
26.7%
50Mattie
26.5%
68Willie
26.3%
100Della
26.2%
151Mollie
26%
184Winifred
25.7%
122Eunice
25.3%
106Lottie
25.1%
190Winnie
24.8%
115Lizzie
23.7%
157Irma
23.4%
93Nettie
23.2%
83Marguerite
23.1%
163Janie
23%
118Loretta
22.8%
134Etta
22.7%
60Mamie
22.6%
97Effie
22.5%
189Miriam
22.2%
188Regina
22.2%
67Lula
22.1%
174Celia
21.8%
137Genevieve
21.6%
175Juanita
21.6%
183Erma
21.5%
194Allie
20.6%
128Addie
20.3%
121Mable
20.3%
138Verna
20.2%
136Essie
20.1%
168Olga
20%
162Estella
20%
78Leona
19.7%
131Alberta
19.1%
191Fern
19%
176Cecelia
19%
177Ina
19%
173Freda
18%
158Flossie
18%
181Selma
18%
114Inez
17.3%
185Augusta
17.1%
127Ora
17%
113Ollie
16.4%
154Frieda
16.3%
139Nannie
16.1%
120Iva
15.9%
124Eula
15.6%
142Lucile
15.1%
152Ola
14.9%
119Goldie
14.5%
180Geneva
13.7%
193Virgie
13.5%
161Elva
13.2%
192Rena
13.2%
165Alta
12.4%
117Lela
11.7%
182Luella
11.5%

You're not logged in!

Compare scores with friends on all Sporcle quizzes.
OR
Log In

From the Vault

There's a Vac for That

by Magnavox

You might feel just a little pinch.
Remove Ads.
Support Sporcle.
Get the best of Sporcle when you Go Orange. This ad-free experience offers more features, more stats, and more fun while also helping to support Sporcle. Thank you for becoming a member.

Show Comments

Extras

Top Quizzes Today


Score Distribution

Your Account Isn't Verified!

In order to create a playlist on Sporcle, you need to verify the email address you used during registration. Go to your Sporcle Settings to finish the process.

Report this User

Report this user for behavior that violates our Community Guidelines.

Details: